000 01452cam a2200385 i 4500
001 15259526
003 EG-ScBUE
005 20260511115948.0
006 m||||fq||h 00| 0
008 080412s2008 gw a f b 001 0 eng d
020 _a9783540746676 (hardcover : alk. paper)
040 _aDLC
_beng
_erda
_cDLC
_dDLC
_dEG-ScBUE
041 1 _aeng
_hger
082 0 4 _a551.49
_222
_bMER
100 1 _aMerkel, Broder,
_eauthor.
_94535
240 1 0 _aGrundwasserchemie.
_lEnglish
245 1 0 _aGroundwater geochemistry :
_ba practical guide to modeling of natural and contaminated aquatic systems /
_cBroder J. Merkel, Britta Planer-Friedrich authors ; edited by Darrell K. Nordstrom.
250 _aSecond edition.
264 1 _aBerlin :
_bSpringer,
_c[2008]
264 4 _cc2008
300 _axi, 230 pages :
_billustrations ;
_c24 cm +
_e1 CD
336 _2rdacontent
_atext
_btxt
336 _2rdacontent
_asounds
_bsnd
337 _aunmediated
_2rdamedia
_bn
337 _aaudio
_2rdamedia
_bs
338 _avolume
_bnc
_2rdacarrier
338 _ardacarrier
_bcomputer disc
_2cd
504 _aIncludes bibliographical references and index.
650 7 _aWater chemistry
_xMathematical models.
_2BUEsh
_94536
655 _vReading book
700 1 _aPlaner-Friedrich, B.
_q(Britta),
_d1975-
_eauthor.
_94537
700 1 _aNordstrom, Darrell Kirk,
_eeditor.
_94538
942 _2ddc
_cBB
999 _c11479
_d11479